Parlacen Countries - Statistics

General Stats
  • This quiz has been taken 25 times
  • The average score is 5 of 6
Answer Stats
Country % Correct
Panama
96%
Guatemala
91%
Honduras
91%
Nicaragua
91%
El Salvador
87%
Dominican Republic
30%
No matching quizzes found
Score Distribution
Percent of People with Each Score
Percentile by Number Answered
Your Score History
You have not taken this quiz